Freedom, power & democratic planning

Αποθηκεύτηκε σε:
Λεπτομέρειες βιβλιογραφικής εγγραφής
Κύριος συγγραφέας: Mannheim, Karl (autor)
Μορφή: Βιβλίο
Γλώσσα:Αγγλικά
Έκδοση: Londres Routledge & Kegan Paul 1950
Σειρά:International Library of Sociology and Social Reconstruction
Θέματα:
Ετικέτες: Προσθήκη ετικέτας
Δεν υπάρχουν, Καταχωρήστε ετικέτα πρώτοι!

MARC

LEADER 00000nam a2200000 a 4500
001 UCZ3311
003 CL-VaPUC
008 951020e19500000UK |||||||||||||||||eng|d
082 0 4 |a 301  |b MAN  |2 21 
100 |a Mannheim, Karl  |e autor  |9 256899 
245 1 0 |a Freedom, power & democratic planning 
300 |a 384 p 
942 |c BK 
945 |d 19951020 00:00:00  |a cmena 
260 |a Londres  |b Routledge & Kegan Paul  |c 1950 
650 0 |a Libre albedrío  |9 334583 
650 0 |a Ciencias Políticas  |9 255201 
650 0 |a Desarrollo político  |9 323087 
650 0 |a Democracia  |9 255256 
650 0 |a Doctrinas políticas  |9 255835 
650 0 |a Sociología   |9 255410 
583 |a last modification  |c 19951020 00:00:00  |k Rodrigo Vera 
490 0 |a International Library of Sociology and Social Reconstruction 
999 |c 239797  |d 239795 
952 |0 0  |1 0  |4 0  |6 301_000000000000000_MAN_1950  |7 0  |8 P  |9 251194  |a BIBEDU  |b BIBEDU  |c BIBEDU_PB  |d 2019-11-18  |i 1585290  |o 301 MAN 1950  |p 1585290  |r 2024-01-25  |w 2019-11-18  |y BK  |k FIL 
952 |0 0  |1 0  |4 0  |6 301_000000000000000_MAN_1950  |7 0  |8 P  |9 251195  |a BIBENE  |b BIBENE  |d 2019-11-18  |i 1983717  |o 301 MAN 1950  |p 1983717  |r 2025-01-15  |w 2019-11-18  |y BK  |k ICO